[Event "Wch U20"]
[Site "Mamaia"]
[Date "1991.??.??"]
[Round "?"]
[White "Akopian, Vladimir"]
[Black "Barkhagen, Jonas"]
[Result "0-1"]
[WhiteElo "2590"]
[BlackElo "2360"]
[PlyCount "165"]
[EventDate "1991.08.??"]
[Source "ChessBase"]

1. d4 c5 2. d5 e5 3. e4 d6 4. Nc3 Be7 5. Nf3 Nf6 6. Be2 O-O 7. O-O Nbd7 8. a4 b6 9. a5 bxa5 10. Nd2 Nb6 11. Bb5 Bg4 12. Qe1 Nh5 13. Bc6 Rb8 14. Rxa5 Nc8 15. Ra3 Bg5 16. f3 Bd7 17. Nc4 Bxc1 18. Qxc1 Nf4 19. g3 Ng6 20. Kg2 Bxc6 21. dxc6 Nge7 22. Na5 Qe8 23. Nd5 Nxc6 24. Nxc6 Qxc6 25. Rxa7 Kh8 26. Rc7 Qb5 27. b3 Ra8 28. Qg5 Ra7 29. Rxa7 Nxa7 30. Qe7 Qb8 31. Qd7 Nb5 32. c3 f6 33. Ra1 Rd8 34. Qc6 Rc8 35. Qb6 Qxb6 36. Nxb6 Rb8 37. Nd5 Kg8 38. Kf2 Rb7 39. Ke2 Kf7 40. Kd3 Ke6 41. Kc4 f5 42. Ne3 fxe4 43. fxe4 Nd4 44. cxd4 Rb4+ 45. Kd3 Rxb3+ 46. Kd2 exd4 47. Nd1 Rb7 48. Ra8 d5 49. Kd3 Rb3+ 50. Kc2 Rb7 51. Nf2 dxe4 52. Nxe4 Kd5 53. Nf2 Re7 54. Kd2 c4 55. Ra5+ Kc6 56. Ng4 Kd6 57. h4 Re4 58. Rg5 Re7 59. h5 c3+ 60. Kd3 Rc7 61. Nf2 c2 62. Ne4+ Ke6 63. Nc5+ Kf6 64. Ne4+ Kf7 65. Rf5+ Ke6 66. Rc5 c1=Q 67. Ng5+ Kd6 68. Rxc1 Rxc1 69. Kxd4 Rh1 70. g4 Rg1 71. Ne4+ Ke6 72. Nf2 Re1 73. Ne4 h6 74. Nc5+ Kf7 75. Ne4 Rg1 76. Nf2 Kf6 77. Ne4+ Ke6 78. Nf2 Ra1 79. Ke4 Ra4+ 80. Kf3 Ke5 81. Nd3+ Kf6 82. Nc5 Rc4 83. Ne4+ 0-1

[Event "Arad ROM"]
[Site "?"]
[Date "2006.05.20"]
[Round "1"]
[White "Ilincic Zlatko"]
[Black "Kosanovic Goran A"]
[Result "1-0"]
[WhiteElo "2536"]
[BlackElo "2414"]
[PlyCount "123"]
[EventDate "2006.??.??"]
[Source "www.chesslib.no"]
[SourceDate "2004.05.04"]

1. d4 c5 2. d5 e5 3. e4 d6 4. Nc3 Be7 5. Bb5+ Nd7 6. Nf3 a6 7. Be2 b5 8. Be3 Ngf6 9. Nd2 O-O 10. h4 Nb6 11. g4 Ne8 12. Nf1 b4 13. Nb1 Nc7 14. c4 bxc3 15. bxc3 Bd7 16. a4 Rb8 17. a5 Nc8 18. c4 Ne8 19. Qc1 Nf6 20. g5 Ne8 21. Ng3 f6 22. Nc3 fxg5 23. hxg5 g6 24. Nd1 Rf7 25. Nb2 Bf8 26. Nd3 Bg7 27. Bd1 Ne7 28. Ra2 Rb7 29. f3 Qb8 30. Rb2 Rxb2 31. Qxb2 Qc8 32. Qb6 Bf8 33. Rh2 h5 34. gxh6 Kh7 35. Rb2 Ng8 36. Qb8 Bxh6 37. Bxh6 Nxh6 38. Qxc8 Bxc8 39. Rb8 Rc7 40. Ba4 Nf6 41. Nxe5 dxe5 42. d6 Rd7 43. Bxd7 Bxd7 44. Ra8 Nf7 45. Rxa6 Kg7 46. Rb6 Bc8 47. a6 Nd7 48. Rc6 Bxa6 49. Rxa6 Kf6 50. Ne2 Ke6 51. Nc3 Nb8 52. Ra8 Nc6 53. Rg8 Nxd6 54. Rxg6+ Kd7 55. Na4 Nxc4 56. Nxc5+ Kc7 57. Nd3 Kd7 58. Kf2 Nd4 59. Kg3 Ke7 60. Ra6 Nb5 61. Nxe5 Nxe5 62. Ra5 1-0

[Event "Pancevo SCG, Vojvodina League 05"]
[Site "?"]
[Date "2005.10.07"]
[Round "7"]
[White "Ilincic Zlatko"]
[Black "Kosanovic Goran A"]
[Result "1/2-1/2"]
[WhiteElo "2540"]
[BlackElo "2408"]
[PlyCount "32"]
[EventDate "2005.??.??"]
[Source "www.chesslib.no"]
[SourceDate "2004.05.04"]

1. d4 c5 2. d5 e5 3. e4 d6 4. Nc3 Be7 5. f4 exf4 6. Bxf4 Nf6 7. e5 dxe5 8. Bxe5 O-O 9. Be2 Re8 10. Qd2 Bd6 11. Bxd6 Qxd6 12. Nf3 Bg4 13. O-O Bxf3 14. Bxf3 a6 15. g4 h6 16. g5 hxg5 1/2-1/2

[Event "BL2-S 9697"]
[Site "?"]
[Date "1996.??.??"]
[Round "?"]
[White "Siegel Georg"]
[Black "Vokac Marek"]
[Result "1/2-1/2"]
[WhiteElo "2475"]
[BlackElo "2470"]
[PlyCount "104"]
[EventDate "1996.??.??"]
[Source "www.chesslib.no"]
[SourceDate "2004.05.04"]

1. d4 c5 2. d5 e5 3. e4 d6 4. Bb5+ Nd7 5. a4 Be7 6. Nf3 Ngf6 7. Nc3 O-O 8. O-O Ne8 9. a5 Nc7 10. Bd3 Re8 11. Nd2 Nf8 12. Nc4 Ng6 13. Be2 Rf8 14. Bg4 Ne8 15. Ra3 h6 16. Bxc8 Qxc8 17. Ne2 f5 18. exf5 Qxf5 19. Ng3 Qd7 20. Ne4 Nf4 21. Re1 Qb5 22. Ne3 Bd8 23. c4 Qd7 24. Nf1 Nf6 25. Nfg3 Rf7 26. Nxf6+ Bxf6 27. Ne4 Raf8 28. h3 Bd8 29. Bd2 b6 30. axb6 axb6 31. Qg4 Rf5 32. Rea1 h5 33. Qd1 Bc7 34. Kh2 b5 35. b3 Qe8 36. Be3 Qg6 37. g3 R5f7 38. Qc2 Qf5 39. gxf4 exf4 40. Bd2 f3 41. R1a2 h4 42. Ra8 Bd8 43. Rxd8 Rxd8 44. Ng5 Qe5+ 45. Kg1 Rf5 46. Ne6 bxc4 47. Qxc4 Re8 48. Ra7 Rf7 49. Rxf7 Kxf7 50. Ng5+ Kg8 51. Qd3 Qa1+ 52. Kh2 Qe5+ 1/2-1/2

[Event "Groningen Open"]
[Site "Groningen NED"]
[Date "1994.??.??"]
[Round "9"]
[White "Shipov, Sergei"]
[Black "Zoler, Dan"]
[Result "1-0"]
[WhiteElo "2525"]
[BlackElo "2420"]
[PlyCount "81"]
[EventDate "1994.12.??"]
[Source "www.chesslib.no"]
[SourceDate "2004.05.04"]

1. d4 c5 2. d5 e5 3. e4 d6 4. a4 Be7 5. Na3 Bg5 6. Bb5+ Kf8 7. Bd3 h6 8. Ne2 Bxc1 9. Qxc1 g5 10. Nc4 Qf6 11. Nc3 Bd7 12. Nb5 Bxb5 13. axb5 Nd7 14. Ra3 Ne7 15. Be2 Qg6 16. O-O Kg7 17. Re1 Rhf8 18. Qa1 f5 19. Rxa7 Rab8 20. Qd1 fxe4 21. Bg4 Nf5 22. c3 h5 23. Bxh5 Qf6 24. Bg4 Nh4 25. Qe2 Rf7 26. Nd2 Nb6 27. Nxe4 Qh6 28. Be6 Rf4 29. Nxd6 e4 30. Nxe4 g4 31. Ng3 Nc4 32. Bxg4 Kh8 33. b3 Nd6 34. Be6 Rbf8 35. Qe5+ Kh7 36. Qxd6 Rxf2 37. Rxb7+ Kh8 38. Qe5+ R8f6 39. Rb8+ Kh7 40. Qe4+ Kg7 41. Rg8# 1-0

[Event "7th Stage Russian Cup, Togliatty RUS"]
[Site "?"]
[Date "2001.??.??"]
[Round "2"]
[White "Nikitin, An"]
[Black "Blatov, I."]
[Result "1-0"]
[WhiteElo "2535"]
[BlackElo "2405"]
[PlyCount "115"]
[EventDate "2001.??.??"]
[Source "www.chesslib.no"]
[SourceDate "2004.05.04"]

1. d4 c5 2. d5 e5 3. e4 d6 4. Nf3 Bg4 5. h3 Bxf3 6. Qxf3 Be7 7. g3 Bg5 8. Bb5+ Kf8 9. Nd2 Nf6 10. a4 h5 11. h4 Bh6 12. a5 a6 13. Bd3 Nbd7 14. b3 g6 15. Bb2 Ne8 16. Nc4 Qe7 17. Bf1 Nc7 18. Bh3 Rd8 19. Qd3 Rg8 20. O-O Nb5 21. Kh2 Kg7 22. f4 f6 23. Be6 Rgf8 24. f5 g5 25. g4 hxg4 26. Rg1 gxh4 27. Rxg4+ Bg5 28. Rag1 Rh8 29. Bc1 Rh5 30. Nd2 Nf8 31. Nf3 Nh7 32. Rxh4 Qe8 33. Nxg5 Nxg5 34. Bxg5 fxg5 35. Qh3 Kh6 36. Rxh5+ Qxh5 37. Qxh5+ Kxh5 38. Kg3 Kh6 39. Rh1+ Kg7 40. Rh5 Rf8 41. Rxg5+ Kh7 42. Kh4 Nd4 43. Rg2 Rf6 44. Bc8 Rf7 45. Rg6 Rc7 46. Be6 Rg7 47. Bc8 Rc7 48. Rxd6 Rxc8 49. Rd7+ Kh6 50. Rxb7 Rg8 51. Rb6+ Kh7 52. Kh5 Ne2 53. Rh6+ Kg7 54. Rg6+ Kf7 55. Rxg8 Kxg8 56. Kg6 Nc3 57. d6 Kf8 58. f6 1-0

[Event "Makarska"]
[Site "Makarska"]
[Date "1996.??.??"]
[Round "11"]
[White "Dizdar, Goran"]
[Black "Arapovic, Vitomir"]
[Result "1-0"]
[WhiteElo "2525"]
[BlackElo "2415"]
[PlyCount "79"]
[EventDate "1996.06.??"]
[Source "www.chesslib.no"]
[SourceDate "2004.05.04"]

1. d4 c5 2. d5 e5 3. e4 d6 4. Nc3 Nf6 5. Nf3 Be7 6. Nd2 O-O 7. Bd3 Ne8 8. Nc4 Nd7 9. O-O g6 10. f4 exf4 11. Bxf4 f6 12. Bh6 Rf7 13. Qe1 a6 14. a4 Bf8 15. Bxf8 Rxf8 16. a5 Ne5 17. Nxe5 fxe5 18. Rxf8+ Kxf8 19. Na4 Kg7 20. Nb6 Rb8 21. b4 cxb4 22. Qxb4 g5 23. c4 Bg4 24. c5 dxc5 25. Qxc5 Qd6 26. Rc1 Qxc5+ 27. Rxc5 Rd8 28. Kf2 Bh5 29. Ke3 Bg6 30. Rc2 Kf6 31. Nc4 Nd6 32. Rf2+ Ke7 33. Nxe5 Rc8 34. Rc2 Rxc2 35. Bxc2 Be8 36. Bd3 Bb5 37. Kd4 h5 38. Nc4 Bxc4 39. Bxc4 g4 40. Bd3 1-0

[Event "URS Ch sf"]
[Site "Irkutsk"]
[Date "1983.??.??"]
[Round "?"]
[White "Timoscenko, Genadij A"]
[Black "Vladimirov, Evgeny Y"]
[Result "1-0"]
[WhiteElo "2440"]
[BlackElo "2500"]
[PlyCount "61"]
[EventDate "1983.09.??"]
[Source "www.chesslib.no"]
[SourceDate "2004.05.04"]

1. d4 c5 2. d5 e5 3. e4 d6 4. Nc3 Be7 5. Be2 Bg5 6. Nf3 Bxc1 7. Qxc1 Ne7 8. Nd2 O-O 9. Nc4 a6 10. a4 b6 11. f4 f6 12. O-O Ra7 13. fxe5 dxe5 14. Qe3 Rb7 15. Rab1 b5 16. axb5 axb5 17. Nd2 c4 18. Nxb5 Rxb5 19. Bxc4 Rb7 20. d6+ Kh8 21. dxe7 Qxe7 22. Bd5 Rc7 23. c4 Qb4 24. Nf3 Nc6 25. b3 Bg4 26. Ne1 Rb8 27. Nc2 Qe7 28. b4 Nd4 29. Nxd4 exd4 30. Qxd4 Be2 31. Rfe1 1-0

[Event "URS Ch otbor"]
[Site "Chelyabinsk RUS"]
[Date "1975.??.??"]
[Round "?"]
[White "Osnos, Viatcheslav V"]
[Black "Vladimirov, Evgeny Y"]
[Result "0-1"]
[WhiteElo "2490"]
[BlackElo "2450"]
[PlyCount "134"]
[EventDate "1975.??.??"]
[Source "www.chesslib.no"]
[SourceDate "2004.05.04"]

1. d4 c5 2. d5 e5 3. e4 d6 4. Nc3 Be7 5. f4 exf4 6. Bxf4 Bg5 7. Bb5+ Kf8 8. Qd2 Bxf4 9. Qxf4 Ne7 10. Nf3 Ng6 11. Qg3 Qe7 12. O-O a6 13. Bd3 Nd7 14. a3 Nde5 15. b4 Qc7 16. Na2 h5 17. Qf2 Nxf3+ 18. Qxf3 Ne5 19. Qf4 Bd7 20. Kh1 Rc8 21. Be2 Bg4 22. Bxg4 hxg4 23. bxc5 Qxc5 24. Nb4 f6 25. Nd3 Qd4 26. Qf5 Rxc2 27. Nxe5 Qxe5 28. Qxe5 dxe5 29. Rfc1 Rxc1+ 30. Rxc1 Kf7 31. Rc7+ Kg6 32. Rxb7 Rc8 33. Kg1 Rc3 34. d6 Rxa3 35. Kf2 Rd3 36. d7 a5 37. Ra7 a4 38. Ke2 Rd4 39. Ke3 a3 40. Rxa3 Rxd7 41. Kf2 Rd2+ 42. Kg1 Re2 43. Ra4 Kg5 44. g3 Kg6 45. Rb4 Kf7 46. Rb7+ Ke6 47. Rb6+ Kd7 48. Rb7+ Kd6 49. Rxg7 Rxe4 50. h3 gxh3 51. Kh2 Re2+ 52. Kxh3 f5 53. Rf7 Rf2 54. Ra7 e4 55. Ra6+ Kd5 56. Ra5+ Kd4 57. Ra4+ Kd3 58. Ra3+ Ke2 59. Ra2+ Kf3 60. Ra5 f4 61. Rf5 Ke3 62. gxf4 Kf3 63. Re5 Rd2 64. f5 Rd6 65. Re6 Rd5 66. Kh2 e3 67. f6 Rf5 0-1

[Event "World Open"]
[Site "Philadelphia USA"]
[Date "2008.07.03"]
[Round "3"]
[White "Stocek, J."]
[Black "Tate, E."]
[Result "1-0"]
[WhiteElo "2559"]
[BlackElo "2377"]
[PlyCount "87"]
[EventDate "2008.07.02"]
[Source "www.chesslib.no"]
[SourceDate "2004.05.04"]

1. d4 c5 2. d5 e5 3. e4 d6 4. Nf3 g6 5. Nbd2 Nf6 6. a4 Bh6 7. Bb5+ Kf8 8. h3 Kg7 9. Bd3 Re8 10. O-O Nh5 11. Re1 a6 12. Bf1 Nd7 13. Ra3 Nhf6 14. a5 Qc7 15. Nc4 Bxc1 16. Qxc1 b5 17. axb6 Nxb6 18. Na5 Bd7 19. Qe3 Bb5 20. Nd2 Reb8 21. Rea1 Nh5 22. Bxb5 axb5 23. Nc6 Rxa3 24. Rxa3 Rb7 25. b3 f5 26. c4 f4 27. Qe2 bxc4 28. bxc4 Nf6 29. Nf3 h6 30. Rb3 g5 31. Nh2 h5 32. Nf3 Kh6 33. Qb2 Ne8 34. Qb1 Nf6 35. h4 gxh4 36. Nxh4 Kg7 37. Nf5+ Kf8 38. f3 Ne8 39. Kf2 Ng7 40. Nfe7 Ke8 41. Rb5 h4 42. Ng6 Kd7 43. Nxh4 Kc8 44. Ng6 1-0

[Event "Lazne Bohdanec"]
[Site "Lazne Bohdanec"]
[Date "1997.??.??"]
[Round "1"]
[White "Polak, Tomas"]
[Black "Vokac, Marek"]
[Result "1/2-1/2"]
[WhiteElo "2450"]
[BlackElo "2485"]
[PlyCount "39"]
[EventDate "1997.01.??"]
[Source "ChessBase"]
[SourceDate "1997.04.10"]

1. d4 c5 2. d5 e5 3. e4 d6 4. Nf3 Be7 5. h3 h6 6. Be3 Bg5 7. Nxg5 hxg5 8. Be2 Nh6 9. c4 Nd7 10. Nc3 Nf8 11. Qd2 f6 12. O-O-O Nf7 13. Bg4 Bxg4 14. hxg4 Rxh1 15. Rxh1 Qd7 16. f3 a6 17. a3 b5 18. b3 bxc4 19. bxc4 Rb8 20. Kc2 1/2-1/2

[Event "Cup"]
[Site "Cup Russia"]
[Date "1996.??.??"]
[Round "?"]
[White "Iskusnyh, Sergei"]
[Black "Starosek, Konstantin"]
[Result "0-1"]
[WhiteElo "2460"]
[BlackElo "2475"]
[PlyCount "56"]
[EventDate "1996.??.??"]
[Source "www.chesslib.no"]
[SourceDate "2004.05.04"]

1. d4 c5 2. d5 e5 3. e4 d6 4. Nc3 Be7 5. f4 exf4 6. Bxf4 Nf6 7. Qd2 O-O 8. O-O-O Re8 9. Nf3 Bf8 10. e5 dxe5 11. Bxe5 Nbd7 12. Bf4 a6 13. d6 b5 14. Nd5 Ne4 15. Qe1 Nxd6 16. Be2 Bb7 17. Qf1 c4 18. h4 Bxd5 19. Bh6 Bb7 20. g4 Nf6 21. Rh2 Be7 22. Ne5 Kh8 23. Kb1 Nh5 24. Rf2 Bh1 25. Bxc4 Qc7 26. Qh3 Qd8 27. Re2 Qc7 28. Bd5 Bxh4 0-1

[Event "CRO-Cup"]
[Site "Pula"]
[Date "1998.??.??"]
[Round "2"]
[White "Dizdar, Goran"]
[Black "Sinanovic, Muhamed"]
[Result "1-0"]
[WhiteElo "2530"]
[BlackElo "2400"]
[PlyCount "71"]
[EventDate "1998.??.??"]
[Source "www.chesslib.no"]
[SourceDate "2004.05.04"]

1. d4 c5 2. d5 e5 3. e4 d6 4. Nc3 Be7 5. Nf3 Nf6 6. Be2 O-O 7. O-O Ne8 8. Nd2 Bg5 9. Bg4 Bxd2 10. Bxd2 Bxg4 11. Qxg4 Nd7 12. a4 Nef6 13. Qe2 Qe7 14. Nb5 a6 15. Na3 b6 16. Nc4 Ne8 17. b4 Qd8 18. Rfb1 Rb8 19. Ne3 Qc8 20. Nf5 Qb7 21. Ra3 cxb4 22. Bxb4 Nc5 23. Nxd6 Nxd6 24. Bxc5 Qc7 25. Bxd6 Qxd6 26. Rc3 b5 27. axb5 axb5 28. g3 b4 29. Rc6 Qd7 30. Rc4 f5 31. Rcxb4 Rxb4 32. Rxb4 f4 33. Rb3 Qf7 34. Kg2 h5 35. h3 Qg6 36. Rd3 1-0

[Event "JUG Team Ch"]
[Site "Igalo"]
[Date "1994.??.??"]
[Round "?"]
[White "Drasko, Milan"]
[Black "Kosanovic, Goran A"]
[Result "1-0"]
[WhiteElo "2545"]
[BlackElo "2385"]
[PlyCount "59"]
[EventDate "1994.??.??"]
[Source "www.chesslib.no"]
[SourceDate "2004.05.04"]

1. d4 c5 2. d5 e5 3. e4 d6 4. c4 Be7 5. g3 Bg5 6. Nc3 Bxc1 7. Rxc1 Ne7 8. Bh3 O-O 9. Bxc8 Qxc8 10. Nf3 h6 11. Nh4 Nd7 12. Qg4 a6 13. O-O g5 14. f4 Kg7 15. Rce1 h5 16. Qe2 f6 17. Rf2 Rh8 18. Ref1 Qc7 19. fxe5 dxe5 20. Qd3 Qd6 21. Nf5+ Nxf5 22. Rxf5 Kf7 23. Nd1 Ke8 24. Ne3 Ke7 25. a3 Kd8 26. b4 Kc7 27. Qb3 Rhg8 28. Nc2 Raf8 29. Ne1 Kb8 30. Nd3 1-0

[Event "Berga Open"]
[Site "Berga"]
[Date "1995.??.??"]
[Round "9"]
[White "Ionescu, Constantin"]
[Black "Gonzalez, JA."]
[Result "1-0"]
[WhiteElo "2535"]
[BlackElo "2395"]
[PlyCount "121"]
[EventDate "1995.??.??"]
[Source "www.chesslib.no"]
[SourceDate "2004.05.04"]

1. d4 c5 2. d5 e5 3. e4 d6 4. Bb5+ Nd7 5. a4 g6 6. Nf3 h5 7. Nc3 Bh6 8. Nd2 Kf8 9. O-O Kg7 10. a5 a6 11. Bd3 Qe7 12. Nc4 h4 13. Na4 Ngf6 14. f4 exf4 15. Bxf4 Bxf4 16. Rxf4 Ne5 17. Nab6 Nxc4 18. Nxc4 g5 19. Rf1 Ng4 20. Qd2 f6 21. b4 cxb4 22. Qxb4 Rd8 23. Qb6 Rd7 24. Qb4 Rb8 25. h3 Ne5 26. Ne3 Rc7 27. Bxa6 g4 28. hxg4 Bxg4 29. Rf4 Bd7 30. Bb5 Rh8 31. Bxd7 Qxd7 32. Nf5+ Kg6 33. Nxh4+ Kf7 34. Nf5 Rxc2 35. Raf1 Nd3 36. Qxd6 Qxd6 37. Nxd6+ Ke7 38. Nf5+ Kd7 39. Rg4 Rh7 40. Rg6 Nc5 41. Ng3 Re7 42. Rfxf6 Ra2 43. Rd6+ Kc7 44. Rb6 Rf7 45. Rbf6 Rxf6 46. Rxf6 Rxa5 47. e5 Nd3 48. d6+ Kc6 49. d7+ Kxd7 50. Rd6+ Kc7 51. Rxd3 Rxe5 52. Kf2 Kc6 53. Kf3 b5 54. Ne4 b4 55. Kf4 Ra5 56. g4 Ra8 57. g5 Kb5 58. Nd2 Ra3 59. Ke4 Ra1 60. g6 Rg1 61. Kf5 1-0

[Event "It (Open) Baku AZE"]
[Site "?"]
[Date "2006.05.07"]
[Round "4"]
[White "Pantsulaia Levan"]
[Black "Gassanov Assif"]
[Result "1-0"]
[WhiteElo "2611"]
[BlackElo "2319"]
[PlyCount "73"]
[EventDate "2006.??.??"]
[Source "www.chesslib.no"]
[SourceDate "2004.05.04"]

1. d4 c5 2. d5 e5 3. e4 d6 4. Nc3 Be7 5. Nf3 a6 6. a4 b6 7. Bd3 Nf6 8. O-O O-O 9. Nd2 Ne8 10. Nc4 Nd7 11. Rb1 Rb8 12. b4 Qc7 13. b5 a5 14. g3 g6 15. Bh6 Ng7 16. f4 exf4 17. gxf4 Bf6 18. Ne2 Re8 19. Qd2 Nh5 20. Ng3 Nxg3 21. hxg3 Bh8 22. Rbe1 Nf6 23. f5 Ng4 24. Bf4 Ne5 25. Bxe5 Bxe5 26. f6 Qd8 27. Qg5 h6 28. Qh4 Kh7 29. Kg2 Bc3 30. e5 Rxe5 31. Nxe5 Bxe5 32. c4 Bd7 33. Rh1 Qf8 34. Qg5 Re8 35. Rh4 Bd4 36. Reh1 Be3 37. Rxh6+ 1-0